Online
Catalog

Obras filosóficas / (Record no. 44079)

MARC details
000 -CABECERA
campo de control de longitud fija 00422nam a2200145 a 4500
001 - NÚMERO DE CONTROL
campo de control 000044590
005 - FECHA Y HORA DE LA ÚLTIMA TRANSACCIÓN
campo de control 20201002045501.0
008 - DATOS DE LONGITUD FIJA--INFORMACIÓN GENERAL
campo de control de longitud fija 140721s192u ag 000 0 spa d
040 ## - FUENTE DE LA CATALOGACIÓN
Centro catalogador/agencia de origen DO-SdBNP
Lengua de catalogación spa
Centro/agencia transcriptor BNPHU
082 ## - NÚMERO DE LA CLASIFICACIÓN DECIMAL DEWEY
Número de clasificación xxxx
Número de documento/Ítem xxxx
100 1# - ENTRADA PRINCIPAL--NOMBRE DE PERSONA
Nombre de persona Diderot, Dionisio
Fechas asociadas al nombre 1713-1784.
9 (RLIN) 72619
245 10 - MENCIÓN DE TÍTULO
Título Obras filosóficas /
Mención de responsabilidad, etc. Dionisio Diderot.
260 ## - PUBLICACIÓN, DISTRIBUCIÓN, ETC.
Lugar de publicación, distribución, etc. Buenos Aires :
Nombre del editor, distribuidor, etc. Editorial Tor,
Fecha de publicación, distribución, etc. [192-?].
300 ## - DESCRIPCIÓN FÍSICA
Extensión 186 p. ;
Dimensiones 19 cm.
Holdings
Estado de retiro Estado de pérdida Restricciones de uso No para préstamo Código de colección Localización permanente Ubicación/localización actual Ubicación en estantería Fecha de adquisición Número de inventario Total de préstamos Signatura topográfica completa Código de barras Fecha visto por última vez Precio válido a partir de Tipo de ítem Koha
      Excluido de préstamo Monografías: Libros y Folletos General General En catalogación 21.07.2014 LF1   xxxx xxxx 44590-10 25.06.2020 25.06.2020 No se presta

Powered by Koha